[Event "Norwegian Team Championship 2019"]
[Site "Drammen"]
[Date "2019.05.30"]
[Round "1.12"]
[White "Moller, Sveinung"]
[Black "Gabrielsen, Stig"]
[Result "0-1"]
[WhiteElo "1485"]
[BlackElo "2279"]
[Annotator "ChessBase"]
[PlyCount "72"]
[EventDate "2019.05.30"]
[EventType "swiss"]
[EventCountry "NOR"]
[SourceTitle "playchess.com"]
[Source "ChessBase"]
[SourceQuality "1"]
[TimeControl "40/5400:1800"]

1. d4 {[%emt 0:00:04]} Nf6 {[%emt 0:00:09]} 2. c4 {[%emt 0:00:02]} c5 {[%emt 0:01:12]} 3. d5 {[%emt 0:02:53]} e6 {[%emt 0:00:09]} 4. Nf3 {[%emt 0:00:58]} exd5 {[%emt 0:00:17]} 5. cxd5 {[%emt 0:01:08]} d6 {[%emt 0:00:12]} 6. Nc3 {[%emt 0:00:35]} g6 {[%emt 0:00:21]} 7. Bg5 {[%emt 0:00:37]} h6 {[%emt 0:01:05]} 8. Bh4 {[%emt 0:03:29]} Bg7 {[%emt 0:00:54]} 9. e4 {[%emt 0:06:24]} O-O {[%emt 0:01:07]} 10. Be2 {[%emt 0:00:19]} Re8 {[%emt 0:06:18]} 11. Qc2 {[%emt 0:03:23]} a6 {[%emt 0:02:19]} 12. a4 {[%emt 0:01:23]} Bg4 {[%emt 0:05:15]} 13. h3 {[%emt 0:00:53]} Bxf3 {[%emt 0:00:16]} 14. Bxf3 {[%emt 0:00:59]} Nbd7 {[%emt 0:00:20]} 15. O-O {[%emt 0:01:24]} Rc8 {[%emt 0:08:25]} 16. Rae1 {[%emt 0:00:38]} c4 {[%emt 0:01:53]} 17. Bg4 {[%emt 0:00:12]} Qc7 {[%emt 0:01:42]} 18. Bxd7 {[%emt 0:03:31]} Nxd7 {[%emt 0:00:15]} 19. f4 {[%emt 0:00:11]} Nc5 {[%emt 0:01:42]} 20. Bf2 {[%emt 0:05:26]} Nd3 {[%emt 0:00:33]} 21. Re3 {[%emt 0:10:34]} Nxf4 {[%emt 0:01:35]} 22. Rf3 {[%emt 0:00:04]} Nd3 {[%emt 0:02:04]} 23. Bg3 {[%emt 0:00:04]} Qb6+ {[%emt 0:04:48]} 24. Kh1 {[%emt 0:01:23]} Rf8 {[%emt 0:02:23]} 25. Rb1 {[%emt 0:04:13]} Ne5 {[%emt 0:06:46]} 26. Bxe5 {[%emt 0:07:47]} Bxe5 {[%emt 0:00:09]} 27. Rbf1 {[%emt 0:01:56]} Rc7 {[%emt 0:13:07]} 28. g4 {[%emt 0:02:02]} Re7 {[%emt 0:02:09]} 29. h4 {[%emt 0:03:12]} Kg7 {[%emt 0:02:05]} 30. Kg2 {[%emt 0:02:26]} Qd4 {[%emt 0:00:58]} 31. Rd1 {[%emt 0:01:16]} Qc5 {[%emt 0:00:07]} 32. Ra1 {[%emt 0:02:01]} Qc8 {[%emt 0:00:10]} 33. Kh3 {[%emt 0:01:23]} h5 {[%emt 0:00:10]} 34. Qg2 {[%emt 0:00:15]} Rh8 {[%emt 0:01:03]} 35. Raf1 {[%emt 0:00:26]} hxg4+ {[%emt 0:00:29]} 36. Qxg4 {[%emt 0:00:03]} Rxh4+ {[%emt 0:00:15]} 0-1

[Event "Norwegian Team Championship 2019"]
[Site "Drammen"]
[Date "2019.05.30"]
[Round "1.13"]
[White "Wister, Tom R"]
[Black "Ingebretsen, Jens E"]
[Result "1-0"]
[WhiteElo "1837"]
[BlackElo "2243"]
[Annotator "TA"]
[PlyCount "133"]
[EventDate "2019.05.30"]
[EventType "swiss"]
[EventCountry "NOR"]
[SourceTitle "playchess.com"]
[Source "ChessBase"]
[SourceQuality "1"]

{[%evp 22,133,40,37,46,45,57,42,39,20,27,0,33,31,66,33,64,13,55,43,55,52,53,46,65,71,67,41,54,60,60,60,57,53,75,28,28,-10,24,35,38,32,48,16,16,0,0,0,0,0,0,0,0,0,0,0,0,0,114,83,107,0,26,0,94,82,130,137,173,172,215,215,543,536,530,530,521,456,509,492,716,646,1050,992,1549,1531,29967,29969,29968,29971,29972,29972,29972,29972,4710,4702,29977,29978,29978,29979,29979,29980,29980,29981,29979,29976,29980,29981,29981,29982,29982,29983,29983,29981]} 1. d4 Nf6 2. c4 e6 3. Nc3 d5 4. Bg5 Nbd7 5. e3 Be7 6. Nf3 O-O 7. Rc1 a6 8. cxd5 exd5 9. Bd3 c6 10. O-O Re8 11. Qc2 h6 12. Bf4 Nf8 {D65: Queen's Gambit Declined: Classical: 7 Rc1 c6 8 Qc2 a6 9 cxd5} (12... b5 13. e4 b4 14. Nxd5 Bb7 15. Bc7 Qc8 16. Nxe7+ Rxe7 17. Bd6 Re8 18. Bxb4 a5 19. Bd6 Ba6 20. Ne5 Nxe5 21. Bxe5 {1-0 (34) Yermolinsky,A (2516)-Colas,J (2242) Saint Louis 2013}) 13. h3 Bd6 14. Bxd6 Qxd6 {White is slightly better.} 15. Ne2 Ne4 16. Nd2 $146 ({Predecessor:} 16. Bxe4 Rxe4 {½-½ (41) Bohati,T (1965)-Matin,G (2061) Eger 2008}) 16... f5 17. Nf3 Ng6 18. g3 Bd7 19. Nf4 (19. h4 $14) 19... Nh8 20. Ne5 Nf7 21. Nfg6 Nxe5 22. Nxe5 Rxe5 23. dxe5 Qxe5 24. Kg2 Rf8 25. f4 Qe6 26. Bxe4 fxe4 27. g4 h5 28. Qe2 (28. f5 $5 {[%cal Rf5e6]} Qh6 29. Qf2 $14) 28... hxg4 29. Qxg4 Qxg4+ (29... Qd6 {keeps more tension.} 30. f5 Qf6 31. Kh1 Bxf5 32. Qg3 g6) 30. hxg4 Bxg4 $11 {[%mdl 4096] Endgame KRR-KRB} 31. Kg3 Bf3 32. b4 {[%mdl 1024] White has compensation.} Rf6 33. Rf2 Rg6+ 34. Kh2 Kf7 35. Rg1 Rh6+ 36. Kg3 Rg6+ 37. Kh2 Rh6+ 38. Kg3 Rd6 39. Rd2 Rh6 {[#]} (39... Rg6+ $11 40. Kf2 Rf6) 40. Rh2 $1 $16 Rd6 41. Rd2 ({White should play} 41. Rh8 $16) 41... Ke8 42. Kf2 g6 (42... Rh6 $11) 43. Ke1 Kd8 {[#]} 44. Rh2 $1 d4 45. exd4 Rxd4 {And now ...e3 would win.} 46. Rd2 (46. Rxg6 $2 e3 $17) 46... Rxd2 $2 (46... Rd5 47. Rxd5+ (47. Rxg6 Kc7 $18) 47... cxd5 48. Rxg6 Ke7) 47. Kxd2 $18 {KR-KB} Bh5 48. Ke3 Ke7 49. Kxe4 Ke6 50. Rg5 Kd6 (50... b6 $142 51. a4 Kf6) 51. Kd4 Ke6 52. Kc5 Kf6 53. Kb6 c5 54. bxc5 Bf3 55. a4 {[%cal Ba2a4,Ba4a5][%mdl 32]} Bc6 56. a5 Be4 57. Kc7 Bf3 58. Rg3 Be4 59. Rb3 {White mates.} Kf5 60. Rxb7 Kxf4 61. Rb8 g5 62. Kb6 g4 63. Rg8 g3 64. c6 {[%cal Bc5c6,Bc6c7][%mdl 32]} Bd5 65. Rg7 Kf3 66. c7 Be6 67. Kb7 {Accuracy: White = 62%, Black = 32%.} 1-0

[Event "Norwegian Team Championship 2019"]
[Site "Drammen"]
[Date "2019.05.30"]
[Round "1.14"]
[White "Altarbosh, Ward"]
[Black "Hovden, Hans"]
[Result "1-0"]
[WhiteElo "2250"]
[BlackElo "1817"]
[Annotator "ChessBase"]
[PlyCount "95"]
[EventDate "2019.05.30"]
[EventType "swiss"]
[EventCountry "NOR"]
[SourceTitle "playchess.com"]
[Source "ChessBase"]
[SourceQuality "1"]
[TimeControl "40/5400:1800"]

1. e4 {[%emt 0:00:02]} b6 {[%emt 0:00:23]} 2. d4 {[%emt 0:00:05]} Bb7 {[%emt 0:01:28]} 3. Nc3 {[%emt 0:00:05]} Nf6 {[%emt 0:00:34]} 4. e5 {[%emt 0:00:05]} Ne4 {[%emt 0:02:02]} 5. Nf3 {[%emt 0:00:19]} e6 {[%emt 0:00:40]} 6. Bd3 {[%emt 0:00:05]} Bb4 {[%emt 0:06:20]} 7. O-O {[%emt 0:00:15]} Nxc3 {[%emt 0:10:00]} 8. bxc3 {[%emt 0:00:05]} Be7 {[%emt 0:02:51]} 9. Qe2 {[%emt 0:00:09]} Nc6 {[%emt 0:01:33]} 10. Qe4 {[%emt 0:00:07]} d5 {[%emt 0:11:14]} 11. exd6 {[%emt 0:00:08]} Qxd6 {[%emt 0:00:44]} 12. Bf4 {[%emt 0:00:20]} Qd7 {[%emt 0:01:10]} 13. Bb5 {[%emt 0:00:16]} O-O {[%emt 0:06:49]} 14. a4 {[%emt 0:00:53]} a6 {[%emt 0:01:57]} 15. Bd3 {[%emt 0:00:05]} g6 {[%emt 0:01:47]} 16. Bh6 {[%emt 0:00:06]} Rfe8 {[%emt 0:01:50]} 17. Rfe1 {[%emt 0:00:07]} Bf8 {[%emt 0:02:10]} 18. Bxf8 {[%emt 0:00:13]} Rxf8 {[%emt 0:01:58]} 19. Qh4 {[%emt 0:00:43]} f6 {[%emt 0:02:58]} 20. Qh3 {[%emt 0:00:04]} Rae8 {[%emt 0:00:50]} 21. Re4 {[%emt 0:00:45]} Nd8 {[%emt 0:00:57]} 22. Rh4 {[%emt 0:00:05]} Rf7 {[%emt 0:02:30]} 23. Bxg6 {[%emt 0:00:12]} Rg7 {[%emt 0:01:46]} 24. Bxe8 {[%emt 0:00:18]} Qxe8 {[%emt 0:00:38]} 25. Rg4 {[%emt 0:00:01]} Qc6 {[%emt 0:02:36]} 26. Rxg7+ {[%emt 0:00:05]} Kxg7 {[%emt 0:00:18]} 27. Re1 {[%emt 0:00:09]} Qxc3 {[%emt 0:02:23]} 28. Qg4+ {[%emt 0:00:02]} Kf8 {[%emt 0:00:49]} 29. Qf4 {[%emt 0:03:08]} Bxf3 {[%emt 0:01:56]} 30. Qxf6+ {[%emt 0:00:05]} Nf7 {[%emt 0:01:13]} 31. Qxe6 {[%emt 0:00:08]} Bh5 {[%emt 0:01:45]} 32. h3 {[%emt 0:00:44]} Qxd4 {[%emt 0:01:35]} 33. Qe7+ {[%emt 0:00:27]} Kg7 {[%emt 0:00:07]} 34. Qxc7 {[%emt 0:00:15]} Qxa4 {[%emt 0:00:50]} 35. Qc3+ {[%emt 0:01:53]} Kf8 {[%emt 0:00:39]} 36. Re6 {[%emt 0:00:58]} Qf4 {[%emt 0:01:12]} 37. Rf6 {[%emt 0:01:18]} Qg5 {[%emt 0:00:44]} 38. f4 {[%emt 0:00:51]} Qc5+ {[%emt 0:02:17]} 39. Qxc5+ {[%emt 0:00:18]} bxc5 {[%emt 0:00:12]} 40. g4 {[%emt 0:00:03]} a5 {[%emt 0:03:09]} 41. gxh5 {[%emt 0:30:05]} Ke7 {[%emt 0:31:02]} 42. Ra6 {[%emt 0:00:04]} Nd6 {[%emt 0:01:49]} 43. Rxa5 {[%emt 0:00:10]} c4 {[%emt 0:00:00]} 44. Ra7+ {[%emt 0:00:00]} Ke6 {[%emt 0:00:00]} 45. Rxh7 {[%emt 0:00:00]} Kf5 {[%emt 0:00:00]} 46. Rd7 {[%emt 0:00:00]} Ke6 {[%emt 0:00:00]} 47. Rxd6+ {[%emt 0:00:00]} Kxd6 {[%emt 0:00:00]} 48. Kf2 {[%emt 0:00:00]} 1-0

[Event "Norwegian Team Championship 2019"]
[Site "Drammen"]
[Date "2019.05.30"]
[Round "1.15"]
[White "Steinkellner, Rudolf"]
[Black "Dolzhikova, Olga"]
[Result "0-1"]
[WhiteElo "1699"]
[BlackElo "2210"]
[Annotator "ChessBase"]
[PlyCount "62"]
[EventDate "2019.05.30"]
[EventType "swiss"]
[EventCountry "NOR"]
[SourceTitle "playchess.com"]
[Source "ChessBase"]
[SourceQuality "1"]
[TimeControl "40/5400:1800"]

1. e4 {[%emt 0:00:01]} g6 {[%emt 0:00:04]} 2. Nf3 {[%emt 0:02:35]} Bg7 {[%emt 0:00:06]} 3. Bc4 {[%emt 0:00:43]} c6 {[%emt 0:02:34]} 4. O-O {[%emt 0:02:26]} d5 {[%emt 0:01:09]} 5. exd5 {[%emt 0:00:03]} cxd5 {[%emt 0:00:04]} 6. Bb5+ {[%emt 0:00:48]} Nc6 {[%emt 0:03:03]} 7. c3 {[%emt 0:02:38]} Nf6 {[%emt 0:05:03]} 8. Ne5 {[%emt 0:03:03]} Qc7 {[%emt 0:06:18]} 9. d4 {[%emt 0:05:48]} O-O {[%emt 0:03:09]} 10. Nxc6 {[%emt 0:05:30]} bxc6 {[%emt 0:00:05]} 11. Be2 {[%emt 0:00:49]} c5 {[%emt 0:05:55]} 12. dxc5 {[%emt 0:01:13]} Qxc5 {[%emt 0:00:07]} 13. Be3 {[%emt 0:01:35]} Qc7 {[%emt 0:00:50]} 14. Nd2 {[%emt 0:02:27]} a5 {[%emt 0:10:59]} 15. Qa4 {[%emt 0:00:15]} Bd7 {[%emt 0:01:16]} 16. Qh4 {[%emt 0:04:21]} Rab8 {[%emt 0:07:30]} 17. Bf4 {[%emt 0:03:37]} e5 {[%emt 0:00:13]} 18. Bg5 {[%emt 0:00:03]} Rxb2 {[%emt 0:04:46]} 19. Nf3 {[%emt 0:02:39]} Ne4 {[%emt 0:02:44]} 20. Bd3 {[%emt 0:00:28]} Nxg5 {[%emt 0:03:00]} 21. Nxg5 {[%emt 0:00:50]} h6 {[%emt 0:00:27]} 22. Nh3 {[%emt 0:01:36]} Qxc3 {[%emt 0:01:34]} 23. Ba6 {[%emt 0:02:26]} Rb4 {[%emt 0:01:28]} 24. Qg3 {[%emt 0:00:31]} Qxg3 {[%emt 0:01:28]} 25. fxg3 {[%emt 0:00:04]} e4 {[%emt 0:01:37]} 26. Rac1 {[%emt 0:00:09]} d4 {[%emt 0:01:27]} 27. Nf4 {[%emt 0:00:44]} Bb5 {[%emt 0:02:08]} 28. Bxb5 {[%emt 0:00:20]} Rxb5 {[%emt 0:00:04]} 29. Rc4 {[%emt 0:01:01]} Rfb8 {[%emt 0:02:39]} 30. Rfc1 {[%emt 0:00:19]} Rb1 {[%emt 0:01:19]} 31. Ne2 {[%emt 0:00:36]} Rxc1+ {[%emt 0:00:41]} 0-1

[Event "Norwegian Team Championship 2019"]
[Site "Drammen"]
[Date "2019.05.30"]
[Round "1.16"]
[White "Svensen, Tarjei Joten"]
[Black "Tevasvoll, Svein"]
[Result "1-0"]
[WhiteElo "2056"]
[BlackElo "1394"]
[Annotator "NA"]
[PlyCount "73"]
[EventDate "2019.05.30"]
[EventType "swiss"]
[EventCountry "NOR"]
[SourceTitle "playchess.com"]
[Source "ChessBase"]
[SourceQuality "1"]
[TimeControl "40/5400:1800"]

1. d4 {[%emt 0:00:03]} Nf6 {[%emt 0:00:49]} 2. c4 {[%emt 0:00:03]} e6 {[%emt 0:00:17]} 3. Nc3 {[%emt 0:00:08]} Bb4 {[%emt 0:00:30]} 4. e3 {[%emt 0:00:38]} b6 {[%emt 0:01:14]} 5. Nf3 {[%emt 0:00:12]} Bb7 {[%emt 0:00:30]} 6. Bd3 {[%emt 0:00:36]} O-O {[%emt 0:02:47]} 7. Qc2 {[%emt 0:00:38]} g6 {[%emt 0:01:57]} 8. Bd2 {[%emt 0:01:37]} d5 {[%emt 0:04:18]} 9. cxd5 {[%emt 0:01:23]} Nxd5 {[%emt 0:00:35]} 10. a3 {[%emt 0:01:27]} Be7 {[%emt 0:01:51]} 11. O-O {[%emt 0:01:38]} Bf6 {[%emt 0:01:52]} 12. e4 {[%emt 0:03:18]} Nxc3 {[%emt 0:01:28]} 13. Bxc3 {[%emt 0:02:46]} Nd7 {[%emt 0:01:42]} 14. Rfd1 {[%emt 0:01:13]} Bg7 {[%emt 0:02:58]} 15. b4 {[%emt 0:03:09]} Re8 {[%emt 0:02:20]} 16. Rac1 {[%emt 0:01:35]} Rc8 {[%emt 0:01:42]} 17. Bb2 {[%emt 0:10:44]} Nf6 {[%emt 0:04:01]} 18. Ne5 {[%emt 0:02:03]} c6 {[%emt 0:07:15]} 19. Qe2 {[%emt 0:04:30]} Nd7 {[%emt 0:03:29]} 20. f4 {[%emt 0:05:16]} Nxe5 {[%emt 0:00:54]} 21. dxe5 {[%emt 0:00:13]} Qe7 {[%emt 0:01:24]} 22. Bc4 {[%emt 0:02:27]} Red8 {[%emt 0:00:43]} 23. f5 {[%emt 0:06:23]} Bh6 {[%emt 0:07:15]} 24. fxe6 {[%emt 0:07:06]} Kf8 {[%emt 0:06:57]} 25. Rf1 {[%emt 0:01:00]} Rd2 {[%emt 0:06:52]} 26. Qg4 {[%emt 0:05:52]} Be3+ {[%emt 0:07:14]} 27. Kh1 {[%emt 0:00:02]} Rf2 {[%emt 0:00:19]} 28. Rxf2 {[%emt 0:00:51]} Bxf2 {[%emt 0:03:22]} 29. Rf1 {[%emt 0:00:02]} fxe6 {[%emt 0:01:46]} 30. Bxe6 {[%emt 0:01:46]} Kg7 {[%emt 0:03:12]} 31. Bxc8 {[%emt 0:00:16]} Bxc8 {[%emt 0:01:36]} 32. Qxc8 {[%emt 0:00:25]} Bh4 {[%emt 0:02:08]} 33. e6+ {[%emt 0:00:53]} Kh6 {[%emt 0:00:19]} 34. Qxc6 {[%emt 0:00:48]} Qd8 {[%emt 0:01:03]} 35. Qd5 {[%emt 0:01:01]} Qc7 {[%emt 0:01:56]} 36. Bc1+ {[%emt 0:01:40]} Kg7 {[%emt 0:00:23]} 37. Rf7+ {[%emt 0:00:04]} 1-0

[Event "Norwegian Team Championship 2019"]
[Site "Drammen"]
[Date "2019.05.30"]
[Round "1.17"]
[White "Vea, Odin Blikra"]
[Black "Aarnes, Eirik"]
[Result "1-0"]
[WhiteElo "2206"]
[BlackElo "1849"]
[Annotator "TA"]
[PlyCount "113"]
[EventDate "2019.05.30"]
[EventType "swiss"]
[EventCountry "NOR"]
[SourceTitle "playchess.com"]
[Source "ChessBase"]
[SourceQuality "1"]

{[%evp 9,113,-9,0,-4,-4,-9,-9,-67,19,-23,-23,-14,53,87,181,102,341,0,0,-295,-167,-131,17,0,188,124,204,187,187,174,216,204,363,375,354,321,330,374,343,356,516,492,437,255,247,113,97,61,195,122,164,70,136,0,0,0,0,0,115,50,212,0,197,0,160,0,678,116,107,63,63,63,63,63,63,63,63,63,63,68,112,112,112,113,101,84,82,84,167,88,137,114,127,129,697,694,969,940,969,963,664,344,370,370,910,903]} 1. e4 c5 2. Nc3 d6 3. f4 Nc6 4. Nf3 a6 5. a4 g6 6. Bc4 {B23: Closed Sicilian: Lines without g3} Bg7 7. O-O e6 (7... Nf6 8. d3 O-O 9. Qe1 Nd4 10. Nxd4 cxd4 11. Nd1 d5 12. Bb3 dxe4 13. dxe4 Nd7 14. Nf2 Nc5 15. Bc4 Bd7 16. a5 Rc8 17. Qb4 {0-1 (42) Obregon Rivero,J (2526)-Gomez Garrido,C (2504) Panama City 2013}) 8. f5 (8. Ba2 $11) 8... gxf5 (8... exf5 $15 9. exf5 Bxf5) 9. d3 Nge7 10. Ng5 Bd4+ $146 (10... d5 $1 $11 11. Qh5 Rf8 12. exd5 exd5 13. Nxd5 Nxd5) ({Predecessor:} 10... Ne5 11. Qh5 d5 12. exd5 exd5 13. Nxd5 Nxd5 {1-0 (46) Emanuel,Y (2221)-Drori,S (2419) Maalot Tarshiha 2018}) 11. Kh1 $14 Ne5 (11... h5 $16) 12. exf5 (12. Qh5 $18 Kd7 13. exf5 (13. Nxf7 Qe8 $16) 13... Nxf5 14. Nce4 (14. Nxf7 Qe8 $16)) 12... d5 $2 (12... Nxf5 $16 13. Rxf5 exf5) 13. Bf4 $2 ({White must play} 13. Qh5 $1 $18 exf5 14. Nxd5 $1 {[%mdl 512]} Nxd5 15. Re1 $1 {[%mdl 512]}) 13... Nxf5 $11 (13... dxc4 $2 14. Bxe5 Bxe5 15. Qh5 $18) 14. Nce4 $2 {[%mdl 8192]} (14. Bb3 $1 $11) 14... dxe4 (14... dxc4 15. c3 $17) (14... Nxc4 15. dxc4 dxe4 16. c3 $19) (14... h6 $142 $1 {[%cal Rh6g5]} 15. Nxe6 {[%mdl 64] Remove Defender} Bxe6 16. Bxd5 Bxd5 17. Bxe5 Bxe4 18. dxe4 Bxe5 19. Rxf5 Qxd1+ 20. Rxd1 f6) 15. dxe4 Nd6 (15... Ng7 $1 $17 {...h6 is the strong threat.} 16. Bxe5 Qxg5 17. Bxd4 cxd4 18. Qxd4 O-O) 16. Qh5 {Strongly threatening Bxe5.} Rf8 $2 (16... Ndxc4 $2 17. Bxe5 Kd7 18. Nxf7 $18) (16... Nexc4 $2 17. Bxd6 Kd7 18. Nxf7 $18) (16... Bxb2 $2 17. Bxe5 Bxe5 18. Nxf7 $18) (16... Qf6 $11 {and Black is okay.} 17. Be2 h6) 17. c3 ({White should play} 17. Bxe5 $18 Bxe5 18. Nxh7 Bxb2 19. Rad1) 17... Ndxc4 (17... Nexc4 $16 18. cxd4 cxd4 19. Nxh7 Rh8) 18. cxd4 $18 Ng6 (18... Qxd4 $2 19. Nxh7 Nd3 20. Nxf8 $18) 19. b3 {[%cal Bb2b3,Bb3c4][%mdl 32]} Qxd4 20. Rad1 Nxf4 $2 (20... Qg7) 21. Rxf4 Qg7 22. bxc4 Bd7 {[#]} 23. Nxf7 $1 {[%mdl 512]} Rxf7 24. Rdf1 $1 {[%cal Rf4f7]} O-O-O (24... Qg6 {keeps fighting.} 25. Qxg6 hxg6 26. Rxf7 O-O-O) 25. Rxf7 Qd4 {intending ...Be8.} 26. Qh4 (26. Rd1 $142 Qxd1+ 27. Qxd1) 26... Qxc4 27. h3 (27. Qxh7 $18 Qd4 28. h4) 27... Qxa4 $16 28. Qe7 Qc6 (28... Qxe4 $14 29. Rf8 (29. Rxh7 Qd5 $14) (29. Qxc5+ Bc6 $16) 29... Rxf8 30. Qxf8+ (30. Rxf8+ Kc7 $16) 30... Kc7) 29. Rd1 (29. Rf8 $18 {[%csl Gf8][%cal Re7d8]} Be8 30. R1f6) 29... c4 30. e5 $40 {[%mdl 128] White attacks.} ({White has to play} 30. Rxh7 $18 a5 31. Qa3) 30... a5 (30... Qc7 $14) 31. Kh2 (31. Qa3 $1 $16 {[%cal Ra3a5]} Qc7 32. Rd6) 31... Qc7 $11 32. Qf6 b5 33. Qf4 a4 (33... c3 $11) 34. Qe4 (34. Qe3 $16) 34... Kb8 $2 (34... Qc6 $1 $14 35. Qg4 (35. Qxh7 Be8 $16) 35... Be8 36. Rxd8+ Kxd8 37. Qh4+ Kc8 38. Rxh7 Bd7 39. Rh8+ Kb7) 35. Qd4 $2 (35. Rxh7 c3 $14) (35. Qe3 $1 $18) 35... Kc8 $2 (35... c3 $1 $11 {and Black has nothing to worry.}) 36. Rb1 $2 ({Better is} 36. Rxh7 $18 Kb8 37. Qc3 (37. Rxd7 $2 Rxd7 38. Qxd7 Qxd7 $19) (37. Qd6 $2 Qxd6 38. exd6 a3 $17)) 36... Kb8 $2 (36... Qc6 $1 $11 37. Rd1 Qd5) 37. Qf4 $2 ({Much weaker is} 37. Rxh7 $6 Be8 $14) (37. Qc3 $16 {Hoping for Rxb5+!} Qc6 38. Rd1) 37... a3 $2 {[%mdl 8192] [#]} (37... Qc6 $11) 38. Qe3 $2 (38. Rxd7 $1 $18 {[%mdl 512] is the precise move to win.} Rxd7 (38... Qxd7 39. Qxc4) 39. Rxb5+ Kc8 40. Qf8+ {[%mdl 64] Double Attack} Qd8 41. Qb4) 38... a2 $16 {[#]} 39. Rxb5+ $1 {[%mdl 512]} Bxb5 40. Rxc7 Kxc7 {[%mdl 4096] Endgame KQ-KRB} 41. Qc5+ Bc6 42. Qa7+ Kc8 {aiming for ...Rd2!} 43. Qxa2 Bd5 44. Qa6+ Kb8 45. Qb6+ Kc8 46. Qc5+ Kb8 47. Qb4+ Kc8 48. g4 {And now Qc5+ would win.} Rd7 {[#]} 49. Qf8+ (49. h4 $1 $18) 49... Kc7 50. g5 {Threatens to win with h4.} Kc6 {[#]} 51. h4 $1 ({Don't play} 51. Qc8+ $6 Rc7 $11) 51... c3 $2 {[%mdl 8192]} (51... Rc7 $16) 52. Qb4 $18 ({Not} 52. Qc8+ Rc7 $11) 52... Rc7 53. Qxc3+ Kd7 54. Qd3 Ke8 55. g6 hxg6 56. Qxg6+ Kd8 $2 (56... Kf8 57. Qf6+ Rf7 58. Qh8+ Ke7) 57. h5 {Accuracy: White = 41%, Black = 30%.} 1-0

[Event "Norwegian Team Championship 2019"]
[Site "Drammen"]
[Date "2019.05.30"]
[Round "1.18"]
[White "Bernstein, Jonas August"]
[Black "Stenersen, Gudmund"]
[Result "0-1"]
[WhiteElo "1766"]
[BlackElo "2183"]
[Annotator "ChessBase"]
[PlyCount "54"]
[EventDate "2019.05.30"]
[EventType "swiss"]
[EventCountry "NOR"]
[SourceTitle "playchess.com"]
[Source "ChessBase"]
[SourceQuality "1"]
[TimeControl "40/5400:1800"]

1. d4 {[%emt 0:00:03]} d5 {[%emt 0:00:17]} 2. c4 {[%emt 0:00:07]} e6 {[%emt 0:00:06]} 3. Nc3 {[%emt 0:00:05]} Nf6 {[%emt 0:00:06]} 4. cxd5 {[%emt 0:00:06]} exd5 {[%emt 0:00:14]} 5. Bg5 {[%emt 0:00:07]} Be7 {[%emt 0:00:14]} 6. e3 {[%emt 0:00:06]} c6 {[%emt 0:00:16]} 7. Bd3 {[%emt 0:00:11]} Nbd7 {[%emt 0:00:13]} 8. Nf3 {[%emt 0:00:41]} Nf8 {[%emt 0:00:36]} 9. Ne5 {[%emt 0:01:44]} Ne6 {[%emt 0:07:20]} 10. Bh4 {[%emt 0:01:33]} Nd7 {[%emt 0:01:21]} 11. Bxe7 {[%emt 0:06:16]} Qxe7 {[%emt 0:00:09]} 12. Nxd7 {[%emt 0:03:55]} Bxd7 {[%emt 0:01:24]} 13. O-O {[%emt 0:03:05]} O-O {[%emt 0:02:09]} 14. Qh5 {[%emt 0:08:03]} Ng5 {[%emt 0:04:50]} 15. h4 {[%emt 0:06:47]} Ne4 {[%emt 0:00:53]} 16. Rac1 {[%emt 0:07:21]} f5 {[%emt 0:02:01]} 17. Bxe4 {[%emt 0:05:12]} fxe4 {[%emt 0:04:55]} 18. g3 {[%emt 0:08:08]} Bh3 {[%emt 0:03:41]} 19. Rfe1 {[%emt 0:01:14]} Qd7 {[%emt 0:00:36]} 20. Qe2 {[%emt 0:02:40]} Rf3 {[%emt 0:03:17]} 21. Nd1 {[%emt 0:02:47]} Raf8 {[%emt 0:00:48]} 22. a3 {[%emt 0:01:27]} Qg4 {[%emt 0:01:46]} 23. Kh2 {[%emt 0:01:23]} g5 {[%emt 0:00:50]} 24. hxg5 {[%emt 0:00:52]} Qh5 {[%emt 0:00:41]} 25. Kg1 {[%emt 0:00:39]} Bg4 {[%emt 0:02:10]} 26. Qd2 {[%emt 0:01:30]} Qh3 {[%emt 0:02:28]} 27. Qb4 {[%emt 0:02:30]} R3f5 {[%emt 0:02:04]} 0-1